[Event "NATO-ch 33rd"]
[Site "Portoroz"]
[Date "2023.09.07"]
[Round "6"]
[White "Jauk, Wilhelm"]
[Black "Hadzicki, Tomasz"]
[Result "1-0"]
[WhiteElo "2159"]
[BlackElo "1941"]
[PlyCount "69"]
[EventDate "2023.09.04"]
[EventType "swiss"]
[EventRounds "7"]
[EventCountry "SLO"]
[SourceTitle "CBM 216 Extra"]
[Source "ChessBase"]
[SourceDate "2023.11.30"]
[SourceVersion "1"]
[SourceVersionDate "2023.11.30"]
[SourceQuality "1"]

1. d4 Nf6 2. c4 d6 3. Nc3 Nbd7 4. g3 e5 5. d5 g6 6. Bg2 Bg7 7. e4 0-0 8. Nge2 a5 9. 0-0 Nc5 10. f3 Bd7 11. Be3 b6 12. Qd2 Ne8 13. Nc1 f5 14. Nd3 Nf6 15. Nxc5 bxc5 16. a4 Nh5 17. exf5 gxf5 18. Bg5 Bf6 19. Bxf6 Rxf6 20. Qg5+ Ng7 21. Nb5 Rc8 22. Rfd1 Rf8 23. Qd2 Ra8 24. Ra3 Rf7 25. Re1 Ne8 26. Bf1 Qf6 27. Bd3 Re7 28. Kh1 h5 29. Rg1 Qg6 30. Qe1 c6 31. Nc3 Rb8 32. Rg2 Nf6 33. Bf1 Rb4 34. Na2 Rb8 35. Qxa5 1-0

[Event "NATO-ch 33rd"]
[Site "Portoroz"]
[Date "2023.09.06"]
[Round "4"]
[White "Jauk, Wilhelm"]
[Black "Tetepoulidis, Ioannis"]
[Result "0-1"]
[WhiteElo "2159"]
[BlackElo "2115"]
[PlyCount "76"]
[EventDate "2023.09.04"]
[EventType "swiss"]
[EventRounds "7"]
[EventCountry "SLO"]
[SourceTitle "CBM 216 Extra"]
[Source "ChessBase"]
[SourceDate "2023.11.30"]
[SourceVersion "1"]
[SourceVersionDate "2023.11.30"]
[SourceQuality "1"]

1. d4 Nf6 2. c4 d6 3. Nc3 g6 4. e4 Bg7 5. Nf3 0-0 6. Be2 e5 7. 0-0 exd4 8. Nxd4 Re8 9. f3 c6 10. Nc2 Na6 11. Rb1 Nc7 12. Bg5 d5 13. cxd5 cxd5 14. exd5 Ncxd5 15. Bb5 Qb6+ 16. Kh1 Rd8 17. Qe2 a6 18. Bc4 Be6 19. Ne4 Re8 20. Bd3 Nd7 21. Qf2 h6 22. Qxb6 N5xb6 23. Bh4 Bxa2 24. Ra1 Bc4 25. Rad1 Bxd3 26. Rxd3 f5 27. Nc3 Ne5 28. Rdd1 Rac8 29. Ne3 Nbc4 30. Ned5 g5 31. Bf2 Nxb2 32. Rb1 Ned3 33. Nd1 Rc2 34. Bg1 f4 35. Nxb2 Nxb2 36. Rfe1 Rxe1 37. Rxe1 Nd3 38. h4 Nxe1 0-1

[Event "NATO-ch 33rd"]
[Site "Portoroz"]
[Date "2023.09.05"]
[Round "2"]
[White "Jauk, Wilhelm"]
[Black "Cirkvencic, Franci"]
[Result "1/2-1/2"]
[WhiteElo "2159"]
[BlackElo "1946"]
[PlyCount "63"]
[EventDate "2023.09.04"]
[EventType "swiss"]
[EventRounds "7"]
[EventCountry "SLO"]
[SourceTitle "CBM 216 Extra"]
[Source "ChessBase"]
[SourceDate "2023.11.30"]
[SourceVersion "1"]
[SourceVersionDate "2023.11.30"]
[SourceQuality "1"]

1. d4 Nf6 2. c4 e6 3. Nc3 Bb4 4. g3 0-0 5. Bg2 d5 6. Nf3 c6 7. cxd5 exd5 8. 0-0 h6 9. a3 Bd6 10. Bf4 Re8 11. e3 b6 12. Qc2 Bb7 13. Bxd6 Qxd6 14. Ne5 Nbd7 15. f4 a6 16. Rae1 Rac8 17. h3 c5 18. Qf2 Ne4 19. Nxe4 dxe4 20. Rd1 c4 21. Qc2 f6 22. Nxd7 Qxd7 23. f5 Bd5 24. Rf4 Qb7 25. Rdf1 Re7 26. g4 Qc6 27. Qc3 Qb5 28. Rc1 Rc6 29. Bf1 Rec7 30. Bg2 Re7 31. Bf1 Rec7 32. Bg2 1/2-1/2

[Event "NATO-ch 32nd"]
[Site "Tartu"]
[Date "2022.06.28"]
[Round "2"]
[White "Jauk, Wilhelm"]
[Black "Cheung, Jan W"]
[Result "0-1"]
[WhiteElo "2156"]
[BlackElo "1964"]
[PlyCount "68"]
[EventDate "2022.06.27"]
[EventType "swiss"]
[EventRounds "7"]
[EventCountry "EST"]
[SourceTitle "CBM 209 Extra"]
[Source "ChessBase"]
[SourceDate "2022.09.30"]
[SourceVersion "1"]
[SourceVersionDate "2022.09.30"]
[SourceQuality "1"]

1. d4 Nf6 2. Nf3 g6 3. c4 Bg7 4. Nc3 d5 5. cxd5 Nxd5 6. e4 Nxc3 7. bxc3 c5 8. Be3 Qa5 9. Qd2 0-0 10. Rc1 Nd7 11. Bd3 Nf6 12. h3 b6 13. d5 c4 14. Bb1 Bb7 15. Nd4 Rfd8 16. Qe2 Rac8 17. 0-0 b5 18. Qb2 a6 19. Bc2 e6 20. dxe6 Nxe4 21. exf7+ Kxf7 22. Bb1 Nxc3 23. Rxc3 Bxd4 24. Bxd4 Rxd4 25. Rf3+ Bxf3 26. Qxd4 Bc6 27. Rd1 Re8 28. Kh2 Qc7+ 29. f4 Re2 30. Rg1 g5 31. Qc5 Qxf4+ 32. Kh1 Rxg2 33. Rxg2 Qf1+ 34. Qg1 Bxg2+ 0-1

[Event "Oberliga Nord O 2122"]
[Site "Germany"]
[Date "2022.01.16"]
[Round "4.5"]
[White "Jauk, Wilhelm"]
[Black "Dettmann, Gerd"]
[Result "1/2-1/2"]
[WhiteElo "2168"]
[BlackElo "2098"]
[PlyCount "24"]
[EventDate "2021.10.31"]
[EventType "team-tourn"]
[EventRounds "9"]
[EventCountry "GER"]
[SourceTitle "EXT 2023"]
[Source "ChessBase"]
[SourceDate "2022.10.05"]
[SourceVersion "1"]
[SourceVersionDate "2022.10.05"]
[SourceQuality "1"]
[WhiteTeam "Oberschoeneweide"]
[BlackTeam "Guestrow/Teterow"]
[WhiteTeamCountry "GER"]
[BlackTeamCountry "GER"]

1. c4 e5 2. Nc3 Nf6 3. g3 d5 4. cxd5 Nxd5 5. Bg2 Nb6 6. Nf3 Nc6 7. 0-0 Be7 8. d3 Be6 9. Be3 0-0 10. a3 f5 11. Rc1 Bf6 12. Nd2 Nd5 1/2-1/2

[Event "NATO-ch 31st"]
[Site "Blankenberge"]
[Date "2021.10.14"]
[Round "6.14"]
[White "Jauk, Wilhelm"]
[Black "Nilsson, Erik"]
[Result "1/2-1/2"]
[WhiteElo "2169"]
[BlackElo "1989"]
[PlyCount "44"]
[EventDate "2021.10.11"]
[EventType "team-swiss"]
[EventRounds "7"]
[EventCountry "BEL"]
[SourceTitle "CBM 204 Extra"]
[Source "ChessBase"]
[SourceDate "2021.11.30"]
[SourceVersion "1"]
[SourceVersionDate "2021.11.30"]
[SourceQuality "1"]
[WhiteTeam "NATO"]
[BlackTeam "Denmark"]
[BlackTeamCountry "DEN"]

1. c4 e6 2. Nf3 d5 3. e3 Nf6 4. Qc2 c5 5. b3 d4 6. Be2 Nc6 7. a3 e5 8. d3 Be7 9. 0-0 a5 10. Re1 0-0 11. exd4 exd4 12. Nbd2 h6 13. Ne4 Bf5 14. Ng3 Bh7 15. Nd2 Qd7 16. Bf3 Rfe8 17. Nde4 Nxe4 18. Bxe4 Bxe4 19. Nxe4 Bf8 20. Bd2 b6 21. f3 Re6 22. Nf2 Rae8 1/2-1/2

[Event "Oberliga Nord O 1819"]
[Site "Germany"]
[Date "2018.10.21"]
[Round "1.7"]
[White "Kather, Yannick"]
[Black "Jauk, Wilhelm"]
[Result "0-1"]
[WhiteElo "2136"]
[BlackElo "2150"]
[PlyCount "174"]
[EventDate "2018.10.21"]
[EventType "team-tourn"]
[EventRounds "9"]
[EventCountry "GER"]
[SourceTitle "EXT 2020"]
[Source "ChessBase"]
[SourceDate "2019.10.17"]
[SourceVersion "1"]
[SourceVersionDate "2019.10.17"]
[SourceQuality "1"]
[WhiteTeam "Koenig Tegel II"]
[BlackTeam "Oberschoeneweide"]
[WhiteTeamCountry "GER"]
[BlackTeamCountry "GER"]

1. e4 e5 2. Nf3 Nf6 3. Nxe5 d6 4. Nf3 Nxe4 5. Nc3 Nxc3 6. dxc3 Be7 7. Be3 Nd7 8. Qd2 0-0 9. 0-0-0 Nc5 10. Nd4 a6 11. f3 Re8 12. g4 Bh4 13. Bf4 Bd7 14. Bg3 Bg5 15. Bf4 Bxf4 16. Qxf4 Qh4 17. Bc4 Re7 18. Qg3 Qg5+ 19. Kb1 Rae8 20. h4 Qe5 21. Qf2 b5 22. Bd3 Nxd3 23. cxd3 c5 24. Nc2 Qf4 25. Qh2 Qxh2 26. Rxh2 Bc6 27. Rf1 f6 28. d4 Re2 29. Rxe2 Rxe2 30. dxc5 dxc5 31. b4 Re5 32. bxc5 Rxc5 33. Kb2 Kf7 34. Nd4 Bd5 35. a3 Bc4 36. Rf2 g6 37. Kc2 h5 38. Kd2 Rd5 39. Rh2 Rd8 40. Rh1 Bd5 41. Rf1 Rh8 42. Rg1 hxg4 43. Rxg4 f5 44. Rf4 Kf6 45. Ke3 Rc8 46. Ne2 Bc4 47. Nd4 Rc5 48. Nc2 Re5+ 49. Kd2 Re2+ 50. Kd1 Rf2 51. Nb4 Ke5 52. Rd4 Rxf3 53. Nc6+ Kf6 54. Rd6+ Kg7 55. Rxg6+ Kxg6 56. Ne5+ Kh5 57. Nxf3 Kg4 58. Nd4 f4 59. Ke1 Kxh4 60. Kf2 Kg4 61. Nc6 Kf5 62. Nb4 a5 63. Nc2 Ke4 64. Nd4 Kd3 65. Ne2 Kc2 66. Nxf4 Kxc3 67. Ke1 Kb3 68. Kd2 Kxa3 69. Kc3 Bf7 70. Kc2 Ka2 71. Ne2 b4 72. Nc1+ Ka3 73. Kb1 Bc4 74. Ka1 Ka4 75. Kb2 Kb5 76. Ka1 Kc5 77. Kb2 Kd4 78. Kc2 a4 79. Kb2 Ke3 80. Kc2 a3 81. Kb1 Kd2 82. Ka1 Kc2 83. Nb3 Kxb3 84. Kb1 Kc3 85. Ka1 b3 86. Kb1 Bd3+ 87. Ka1 b2+ 0-1

[Event "GER-chT Betriebe 17th"]
[Site "Berlin"]
[Date "2017.11.05"]
[Round "7.2"]
[White "Jauk, Wilhelm"]
[Black "Hortolani, Sven Holger"]
[Result "0-1"]
[WhiteElo "2132"]
[BlackElo "2149"]
[PlyCount "114"]
[EventDate "2017.11.02"]
[EventType "team-swiss"]
[EventRounds "7"]
[EventCountry "GER"]
[SourceTitle "EXT 2020"]
[Source "ChessBase"]
[SourceDate "2019.10.17"]
[SourceVersion "1"]
[SourceVersionDate "2019.10.17"]
[SourceQuality "1"]
[WhiteTeam "Berlin Deutsche Bahn/BSW II"]
[BlackTeam "Herne Wanne Eickel EKJ"]
[WhiteTeamCountry "GER"]
[BlackTeamCountry "GER"]

1. d4 g6 2. Nf3 Bg7 3. c4 c5 4. e3 Nf6 5. Be2 0-0 6. 0-0 d6 7. b3 Nc6 8. Bb2 cxd4 9. Nxd4 Nxd4 10. Bxd4 Bd7 11. Nd2 Bc6 12. Bf3 Nd7 13. Bxg7 Kxg7 14. Qc2 Qa5 15. Rfd1 Rac8 16. Rac1 Ne5 17. Qb2 Kg8 18. Be2 Nd7 19. b4 Qg5 20. Nf3 Bxf3 21. Bxf3 Rc7 22. Rc2 Rfc8 23. Rdc1 h5 24. Be2 Qf5 25. Rc3 Qf6 26. Qa3 b6 27. h3 Kg7 28. Bf1 a5 29. bxa5 Ra8 30. Qb4 Rxa5 31. Ra3 Rca7 32. Rxa5 Rxa5 33. a3 Qe5 34. Rb1 Qe4 35. Qc3+ Qe5 36. Qxe5+ dxe5 37. Rb3 f5 38. Be2 Kf6 39. g4 hxg4 40. hxg4 Ra4 41. gxf5 gxf5 42. Kg2 Ra8 43. f4 e4 44. Kf2 Rh8 45. Ke1 Ke6 46. Kd2 Kd6 47. Kc3 Rh2 48. Bd1 Rh1 49. Bc2 Rh2 50. Rb1 Re2 51. Rd1+ Kc7 52. Ba4 Nc5 53. Be8 Rxe3+ 54. Kd4 Rd3+ 55. Rxd3 Nxd3 56. Ba4 Kd6 57. Bd1 Nxf4 0-1

[Event "Oberliga Nord O 1718"]
[Site "Germany"]
[Date "2017.10.23"]
[Round "2.6"]
[White "Jauk, Wilhelm"]
[Black "Sulayev, Daniel"]
[Result "1-0"]
[WhiteElo "2119"]
[BlackElo "2057"]
[PlyCount "75"]
[EventDate "2017.10.08"]
[EventType "team-tourn"]
[EventRounds "9"]
[EventCountry "GER"]
[SourceTitle "EXT 2019"]
[Source "ChessBase"]
[SourceDate "2018.10.10"]
[SourceVersion "1"]
[SourceVersionDate "2018.10.10"]
[SourceQuality "1"]
[WhiteTeam "Berlin Oberschoeneweide"]
[BlackTeam "Berlin Empor"]
[WhiteTeamCountry "GER"]
[BlackTeamCountry "GER"]

1. d4 Nf6 2. Nf3 c5 3. c3 b6 4. Bg5 Ne4 5. Bh4 g6 6. dxc5 Nxc5 7. e3 Bg7 8. Be2 Bb7 9. 0-0 0-0 10. Nbd2 d6 11. Qc2 Nbd7 12. Rfd1 Nf6 13. a4 a6 14. Ra3 Rc8 15. Qb1 Qd7 16. Nc4 Be4 17. Qa1 Qc7 18. Ne1 Bc6 19. Nd2 Bb7 20. f3 d5 21. Bf2 e5 22. c4 Rfd8 23. b4 Ne6 24. a5 d4 25. Nb3 Ne8 26. exd4 Nxd4 27. Nxd4 exd4 28. Bd3 Qe7 29. Nc2 Nd6 30. Qa2 Qg5 31. Bg3 Nf5 32. Bxf5 Qxf5 33. axb6 h5 34. Bf2 Qe6 35. c5 Qxa2 36. Rxa2 d3 37. Ne1 Bc6 38. Rxa6 1-0

[Event "Berlin CupT final"]
[Site "Berlin"]
[Date "2017.05.20"]
[Round "3.1"]
[White "Jauk, Wilhelm"]
[Black "Sielaff, Michael"]
[Result "1-0"]
[WhiteElo "2148"]
[BlackElo "2082"]
[PlyCount "171"]
[EventDate "2017.05.20"]
[EventType "team-k.o."]
[EventRounds "5"]
[EventCountry "GER"]
[SourceTitle "EXT 2020"]
[Source "ChessBase"]
[SourceDate "2019.10.17"]
[SourceVersion "1"]
[SourceVersionDate "2019.10.17"]
[SourceQuality "1"]
[WhiteTeam "Oberschoeneweide"]
[BlackTeam "Rehberge"]
[WhiteTeamCountry "GER"]
[BlackTeamCountry "GER"]

1. d4 Nf6 2. Nf3 d5 3. e3 c6 4. Bd3 g6 5. 0-0 Bf5 6. Bxf5 gxf5 7. c4 e6 8. b3 Nbd7 9. Nbd2 Bd6 10. g3 h5 11. a4 Qe7 12. a5 a6 13. Qc2 Ne4 14. Nh4 Rg8 15. Kh1 Qg5 16. Nxe4 fxe4 17. f4 Qg4 18. Ba3 Bc7 19. Bb4 Qh3 20. Qg2 Qxg2+ 21. Nxg2 f5 22. Ra2 Nf6 23. Re2 Kd7 24. Nh4 Rg7 25. Rc1 Rb8 26. c5 Rbg8 27. Rf1 Bd8 28. Be1 Ne8 29. Ng2 Nc7 30. Rc2 Nb5 31. Ra2 Ke8 32. Rc2 Kf7 33. Ra2 Rg4 34. Rc2 Bf6 35. Ra2 R8g7 36. Rc2 Kg8 37. Ra2 Kh7 38. Rc2 Rg8 39. Ra2 R4g7 40. Rc2 Kg6 41. Ra2 Nxd4 42. exd4 Bxd4 43. Bb4 Rd7 44. Rd1 Bf6 45. Ne3 Rdd8 46. Kg2 Kf7 47. Kf1 Ke7 48. Be1 Rd7 49. Ra4 Rgd8 50. Ra2 Ke8 51. Rg2 Rg7 52. h3 d4 53. Nc4 Rd5 54. Nd6+ Kd8 55. b4 Be7 56. Nc4 Kc7 57. g4 hxg4 58. hxg4 Rxg4 59. Rxg4 fxg4 60. Ne5 d3 61. Kf2 Bg5 62. Kg3 Bf6 63. Nxg4 Bd4 64. Bd2 Rf5 65. Re1 e3 66. Bxe3 Bc3 67. Rb1 Rd5 68. Nf2 d2 69. Nd1 Bf6 70. Kf3 e5 71. Ke2 exf4 72. Bxf4+ Kc8 73. Bxd2 Re5+ 74. Be3 Rd5 75. Nf2 Rh5 76. Bf4 Rf5 77. Bd6 Rh5 78. Ne4 Bd8 79. Rg1 Rh4 80. Kf3 Rh2 81. Kf4 Rh4+ 82. Ke5 Rh5+ 83. Kd4 Rh4 84. Rg8 Kd7 85. Rg7+ Kc8 86. Be5 1-0

[Event "GER-chT Betriebe 16th"]
[Site "Dresden"]
[Date "2016.11.05"]
[Round "6.2"]
[White "Du Maire, Jerome"]
[Black "Jauk, Wilhelm"]
[Result "1-0"]
[WhiteElo "2170"]
[BlackElo "2149"]
[PlyCount "75"]
[EventDate "2016.11.03"]
[EventType "team-swiss"]
[EventRounds "7"]
[EventCountry "GER"]
[SourceTitle "EXT 2020"]
[Source "ChessBase"]
[SourceDate "2019.10.17"]
[SourceVersion "1"]
[SourceVersionDate "2019.10.17"]
[SourceQuality "1"]
[WhiteTeam "Frankfurt Commerzbank"]
[BlackTeam "Berlin Deutsche Bahn/BSW"]
[WhiteTeamCountry "GER"]
[BlackTeamCountry "GER"]

1. d4 d5 2. c4 c6 3. Nf3 Nf6 4. e3 e6 5. b3 Nbd7 6. Bb2 Ne4 7. Bd3 f5 8. 0-0 Bd6 9. Ba3 Bxa3 10. Nxa3 0-0 11. Nc2 b6 12. Qc1 Bb7 13. cxd5 exd5 14. Qb2 Qe7 15. Rad1 Rf6 16. Nd2 Rh6 17. f4 Re8 18. Nf3 Rf6 19. Ne5 Nxe5 20. dxe5 Rh6 21. Nd4 Rf8 22. g3 Rg6 23. Bxe4 dxe4 24. b4 Ba6 25. Rfe1 h5 26. Rc1 h4 27. Rxc6 Rg4 28. Kg2 hxg3 29. h3 Rh4 30. Qb3+ Kh8 31. Rec1 Rh5 32. Rg6 Kh7 33. Rxg3 Rh6 34. a3 Qd7 35. b5 Bb7 36. Qb4 Kg8 37. Qc4+ Bd5 38. Qc7 1-0

[Event "Oberliga Nord O 1415"]
[Site "Germany"]
[Date "2015.03.15"]
[Round "8.7"]
[White "Gropp, Andreas"]
[Black "Jauk, Wilhelm"]
[Result "1-0"]
[WhiteElo "2167"]
[BlackElo "2175"]
[PlyCount "55"]
[EventDate "2014.09.21"]
[EventType "team-tourn"]
[EventRounds "9"]
[EventCountry "GER"]
[SourceTitle "EXT 2016"]
[Source "ChessBase"]
[SourceDate "2015.10.08"]
[SourceVersion "1"]
[SourceVersionDate "2015.10.08"]
[SourceQuality "1"]
[WhiteTeam "Neuruppin"]
[BlackTeam "Berlin Oberschoeneweide"]
[WhiteTeamCountry "GER"]
[BlackTeamCountry "GER"]

1. c4 c6 2. e4 d5 3. e5 Bf5 4. Qb3 b6 5. d4 e6 6. Nf3 Nd7 7. Nc3 f6 8. Bf4 g5 9. Bg3 Bg7 10. cxd5 exd5 11. Ba6 fxe5 12. 0-0 e4 13. Rfe1 Ne7 14. Nxg5 h6 15. Ncxe4 hxg5 16. Nd6+ Kf8 17. Rxe7 Qxe7 18. Nxf5 Qf6 19. Bb7 Rd8 20. Qa3+ c5 21. Bd6+ Kg8 22. Bxd5+ Kh7 23. Ne7 Rhe8 24. Be4+ Kh8 25. Qh3+ Qh6 26. Ng6+ Kg8 27. Qb3+ Kh7 28. Ne5+ 1-0